Entraîneurs de l'AS Monaco - Statistiques

Statistiques générales
  • Ce quiz a été pris 69 fois
  • Le résultat moyen est 9 sur 12
Statistiques - réponses
Par images Réponse % Correct
Didier Deschamps
100%
Thierry Henry
100%
Arsene Wenger
98%
Claude Puel
93%
Leonardo Jardim
93%
Claudio Ranieri
91%
Adi Hutter
88%
Niko Kovac
86%
Philippe Clement
66%
Jean Tigana
62%
Robert Moreno
48%
Lucien Leduc
17%
Aucun quiz correspondant
Distribution des résultats
% des personnes avec chaque résultat
Percentile par nombre de réponses
Votre historique - résultats
Vous n’avez pas pris ce quiz